Countries Closest to the U.S. - Sudden Death - Statistics

General Stats
  • This quiz has been taken 28 times
  • The average score is 5 of 15
Answers on the Grid
Answers color-coded by a green-red scale on the quiz's grid according to % correct below.
Canada
Mexico
Russia
Bahamas
Cuba
Jamaica
Belize
Haiti
Honduras
Guatemala
Dominican Republic
Nicaragua
El Salvador
Costa Rica
Kiribati
Colombia
Brazil
Chile
Grenada
Antigua and Barbuda
Barbados
Iceland
Ireland
United Kingdom
Japan
China
Australia
Panama
Palau
Fiji
 
Answer Stats
Answer % Correct
Canada
71%
Cuba
71%
Mexico
71%
Bahamas
43%
Dominican Republic
43%
Guatemala
29%
Jamaica
29%
Russia
29%
Belize
14%
Costa Rica
14%
El Salvador
14%
Haiti
14%
Honduras
14%
Nicaragua
14%
Kiribati
0%
No matching quizzes found
Score Distribution
Percent of People with Each Score
Percentile by Number Answered
Your Score History
You have not taken this quiz